000 01186nam a2200217Ia 4500
003 Ost
005 20260507075633.0
008 260507s9999||||xx |||||||||||||| ||und||
020 _a977549916X
040 _cfsecg
041 _aara
082 _a116
100 _aويلسون، دافيد
_eمؤلف
245 0 _aاستراتيجية التغيير :
_bمفاهيم ومناظرات في إدارة التغير /
_c دافيد ويلسون
260 _aالقاهرة:
_bدار الفجر للنشر و التوزيع,
_c2002
300 _a215 صفحة؛
_c24 سم
504 _aالمراجع ص.214
520 _aتجد في هذا الكتاب : استراتجية التغير ، تعارض المداخل التحليلية للتغير التنظيمي ، عمليات التغير المخطط في مقابل عمليات التغيير العفوي ، تكوين وتنفيذ التغيير الإستراتجي ، الثقافة التنظيمية والتغير ، المداخل المبرمجة للتغير التنظيمي ،استراتجية التغير ، بعض النتائج الختامية
653 _aإدارة التغير
942 _cكتاب
999 _c45250
_d45250